Central Library OPAC University of Rajshahi

The heights and weights of boys and girls / (Record no. 50086)

MARC details
000 -LEADER
fixed length control field 00779cam a2200265 a 4500
001 - CONTROL NUMBER
control field 50086
003 - CONTROL NUMBER IDENTIFIER
rucl marc code BD-RjUL
005 - DATE AND TIME OF LATEST TRANSACTION
control field 20211209075445.0
008 - FIXED-LENGTH DATA ELEMENTS--GENERAL INFORMATION
fixed length control field 160823s1950 enka 00010 eng d
035 ## - SYSTEM CONTROL NUMBER
System control number (BD-RjUL)50206
040 ## - CATALOGING SOURCE
Original cataloging agency AAIS
Transcribing agency AAIS
Language of cataloging eng
041 ## - LANGUAGE CODE
Language code of text/sound track or separate title eng
082 ## - DEWEY DECIMAL CLASSIFICATION NUMBER
Classification number 612.65
Author mark and year SUH 1950
100 1# - MAIN ENTRY--PERSONAL NAME
Personal name Sutcliffe, A.
Fuller form of name (Arthur),
Dates associated with a name 1896-
9 (RLIN) 150116
245 14 - TITLE STATEMENT
Title The heights and weights of boys and girls /
Statement of responsibility, etc. by A. Sutcliffe and J. W. Canham.
250 ## - EDITION STATEMENT
Edition statement 1st ed.
260 ## - PUBLICATION, DISTRIBUTION, ETC. (IMPRINT)
Place of publication, distribution, etc. London :
Name of publisher, distributor, etc. John Murray,
Date of publication, distribution, etc. 1950.
300 ## - PHYSICAL DESCRIPTION
Pagination [10], 80 p. ;
Size 28 cm.
650 #0 - SUBJECT ADDED ENTRY--TOPICAL TERM
Topical term or geographic name as entry element Children -- England
General subdivision Growth
9 (RLIN) 150117
Topical term or geographic name as entry element Anthropometry.
9 (RLIN) 150118
Topical term or geographic name as entry element Children
General subdivision Anthropometry.
9 (RLIN) 150119
700 1# - ADDED ENTRY--PERSONAL NAME
Personal name Canham, J. W.
942 ## - ADDED ENTRY ELEMENTS (KOHA)
Source of classification or shelving scheme Dewey Decimal Classification
Koha item type Books
Holdings
Lost status Source of classification or shelving scheme Damaged status Not for loan Collection code Permanent Location Current Location Shelving location Date acquired Source of acquisition Cost, normal purchase price Total Checkouts Full call number Date last seen Copy number Koha item type
  Dewey Decimal Classification     Non-fiction Central Library, University of Rajshahi Central Library, University of Rajshahi   21/09/1956 Pack Americal 8.90   612.65 SUH 1950 23/08/2016 C-2 Books